000 00586nam a22001577a 4500
005 20250103112246.0
008 250103b |||||||| |||| 00| 0 eng d
040 _cPK-LaUMT
082 _aAPC 297.4092
_bHAM-K
100 _aHameed Allah Hashmi = حمید اللہ ھاشمی
_93977
245 _aKalam baba Farid = کلام بابا فرید مع تبصرہ، تنقید، تحقیق، ترجمہ، تشریح /
_cby Hameed Allah Hashmi = حمید اللہ ھاشمی
260 _aLahore :
_bProgressive Books,
_c1996
300 _a156 p.
546 _aPunjabi - Urdu
942 _cBK
999 _c136481
_d136481